| 000 | 00731pam a2200229 a 4500 | ||
|---|---|---|---|
| 003 | Nust | ||
| 005 | 20170216102506.0 | ||
| 008 | 170216b xxu||||| |||| 00| 0 eng d | ||
| 020 | _a0060466774 | ||
| 020 | _a0063507285 (Harper international ed.) | ||
| 040 | _cNust-MCE | ||
| 082 | 0 | 0 |
_a363.739456 _bTHO _cL-4 , P-2 |
| 100 | 1 | _aThomann, Robert V. | |
| 245 | 1 | 0 |
_aPrinciples of surface water quality modeling and control / _cRobert V. Thomann, John A. Mueller. |
| 260 |
_aNew York : _bHarper & Row, _cc1987. |
||
| 300 |
_axii, 644 p. : _bill. ; _c24 cm. |
||
| 650 | 0 |
_aWater quality _xMathematical models. |
|
| 650 | 0 | _aMCE | |
| 650 | 0 |
_aWater quality management _xMathematical models. |
|
| 700 | 1 | _aMueller, John A. | |
| 942 | _cBK | ||
| 999 |
_c221217 _d221217 |
||